Statistics for Pocahontas Franchise

Click here to take the quiz!

General Stats

  • This quiz has been taken 8 times
  • The average score is 7 of 15

Answer Stats

TypeYearNameInfo% Correct
Video Game1996Disney's PocahontasDisney Interactive / Sega
100%
Short Film1910PocahontasThanhouser Company
100%
Film1995PocahontasDisney
100%
Film1995PocahontasGolden Films
100%
TV Show1997Pocahontas: Princess of the American IndiansMondo TV
100%
Film1994The Adventures of Pocahontas: Indian PrincessGoodtimes
100%
Film1998Pocahontas II: Journey to a New WorldDisney
83%
Show1996-2000Disney on Ice: Forever Love featuring PocahontasInternational Tour
0%
Video Game1995Disney's Animated Storybook: PocahontasDisney Interactive
0%
Theme Park Attraction1998-2008Pocahontas and Her Forest FriendsDisney World
0%
Theme Park Attraction????Pocahontas Indian VillageDisneyland
0%
Theme Park Attraction1996-1999Pocahontas le SpectacleDisneyland Paris
0%
Film1995Pocahontas: The LegendProtocol Entertainment
0%
Theme Park Attraction1995-1997The Spirit of PocahontasDisneyland
0%
Short Film1997Young PocahontasFred Wolf Films
0%

Score Distribution

Percentile by Number Answered

Percent of People with Each Score

Your Score History

You have not taken this quiz